000 00210 a2200097 4500
020 _a9781601305114
041 _aeng
100 _aDavidson, Zanna
245 _aSticker dollies, Castle in the clouds
942 _cBK
999 _c31548
_d31546